000 01138nam a22003497a 4500
003 CHAP
005 20220817042155.0
008 971013s1977 r 00010 d
010 _a36797
011 _a37769
035 _a41889
040 _cCHAP
090 _aTesis
100 0 0 _aOrtiz Lanz, Carlos Eduardo.
_983992
245 _aEfecto del fósforo en praderas permanentes durante el primer año de cultivo
260 _aChapingo, Méx. :
_bEl autor,
_c1977
300 _a120 h.
502 _aTesis (Ing. Agr. Esp. en Zootecnia) -- ENA. Departamento de Zootecnia
590 _aALEPH
_b10
_c20130110
_lUCH01
_h1302
590 _aBATCH-UPD
_b10
_c20130110
_lUCH01
_h1311
590 _aBATCH-UPD
_b10
_c20130410
_lUCH01
_h0824
590 _aBATCH-UPD
_b10
_c20130914
_lUCH01
_h0229
590 _aCONVERSION
_b10
_c20130109
_lUCH01
_h1321
650 1 4 _aAlfalfa.
650 1 4 _aAlfalfa
_xRendimiento.
_93887
650 1 4 _aCultivos asociados.
_930370
650 1 4 _aFósforo
_xEfecto en plantas.
_942250
650 1 4 _aPlantas forrajeras
_xRendimiento.
_988981
901 _aBK
942 _cTESIS
949 _bBC
_cTES
_d-96316
_eTS1
_i41889
_si
999 _c36797
_d36797